[Event "Czech Fed-ch opB"]
[Site "Hrdonov"]
[Date "2013.10.31"]
[Round "7"]
[White "Bauer, Ondrej"]
[Black "Jukl, Karel"]
[Result "1-0"]
[WhiteElo "1760"]
[BlackElo "1754"]
[PlyCount "79"]
[EventDate "2013.10.26"]
[EventType "swiss"]
[EventRounds "9"]
[EventCountry "CZE"]
[SourceTitle "EXT 2016"]
[Source "ChessBase"]
[SourceDate "2015.10.08"]
[SourceVersion "1"]
[SourceVersionDate "2015.10.08"]
[SourceQuality "1"]

1. d4 d5 2. Nf3 Nf6 3. c4 c6 4. Nc3 e6 5. Bg5 Be7 6. e3 h6 7. Bh4 Nbd7 8. Bd3 0-0 9. 0-0 dxc4 10. Bxc4 b5 11. Bd3 a6 12. Qc2 Bb7 13. Ne4 Rc8 14. Nc5 Qc7 15. b4 a5 16. a3 axb4 17. axb4 Ra8 18. Bg3 Qc8 19. Qb2 Nxc5 20. dxc5 Rd8 21. Bc2 Qd7 22. Rfd1 Qe8 23. h3 Rxa1 24. Rxa1 Ra8 25. e4 Rxa1+ 26. Qxa1 Qd8 27. Qc3 Qa8 28. Qe5 Ne8 29. Qd4 Nf6 30. Qd2 Qd8 31. Qxd8+ Bxd8 32. Bd6 Ne8 33. e5 f6 34. Bg6 Nc7 35. Nd4 fxe5 36. Bxc7 Bxc7 37. Nxe6 Bb8 38. Nd8 Bc8 39. Nxc6 Bc7 40. Ne7+ 1-0

[Event "Czech Fed-ch opB"]
[Site "Hrdonov"]
[Date "2013.10.29"]
[Round "5"]
[White "Jukl, Karel"]
[Black "Kotyk, Vaclav"]
[Result "0-1"]
[WhiteElo "1754"]
[BlackElo "1792"]
[PlyCount "74"]
[EventDate "2013.10.26"]
[EventType "swiss"]
[EventRounds "9"]
[EventCountry "CZE"]
[SourceTitle "EXT 2016"]
[Source "ChessBase"]
[SourceDate "2015.10.08"]
[SourceVersion "1"]
[SourceVersionDate "2015.10.08"]
[SourceQuality "1"]

1. d4 Nf6 2. Bf4 g6 3. e3 Bg7 4. Nf3 0-0 5. c4 b6 6. Be2 Bb7 7. Nc3 d5 8. 0-0 Nbd7 9. Ne5 dxc4 10. Bxc4 Nh5 11. Nxd7 Qxd7 12. Bg3 Nxg3 13. hxg3 Rad8 14. Rc1 Qc6 15. Qf3 Qxf3 16. gxf3 Bxf3 17. Bb3 e5 18. dxe5 Bxe5 19. Nb1 c5 20. Nc3 Rd2 21. Rc2 Rfd8 22. Rxd2 Rxd2 23. Rb1 Kf8 24. Bd1 Bxd1 25. Nxd1 Ke7 26. Kf1 b5 27. Rc1 Kd6 28. Ke1 Rd3 29. Ke2 c4 30. Rc2 g5 31. g4 Kc5 32. f3 Kb4 33. Nf2 Rd7 34. Ne4 f6 35. Ke1 a5 36. Re2 Rd5 37. Rh2 Bxh2 0-1

[Event "Nachod op"]
[Site "Nachod"]
[Date "2012.07.02"]
[Round "3"]
[White "Horak, Ales"]
[Black "Jukl, Karel"]
[Result "1/2-1/2"]
[WhiteElo "1639"]
[BlackElo "1759"]
[PlyCount "71"]
[EventDate "2012.06.30"]
[EventType "swiss"]
[EventRounds "9"]
[EventCountry "CZE"]
[SourceTitle "CBM 149 Extra"]
[Source "ChessBase"]
[SourceDate "2012.08.24"]
[SourceVersion "1"]
[SourceVersionDate "2012.08.24"]
[SourceQuality "1"]

1. e4 d5 2. exd5 Nf6 3. Bb5+ Bd7 4. Bc4 b5 5. Bb3 Bg4 6. f3 Bc8 7. Qe2 Ba6 8. Nc3 Qd7 9. d3 Bb7 10. Bf4 Nxd5 11. Nxd5 Bxd5 12. Bxd5 Qxd5 13. Bxc7 Nd7 14. Bg3 Rc8 15. Nh3 e6 16. 0-0 Qc5+ 17. Rf2 Be7 18. Nf4 Bf6 19. c3 0-0 20. d4 Qc4 21. Nh5 a5 22. Nxf6+ Nxf6 23. Qxc4 Rxc4 24. Rc2 Rfc8 25. Rac1 b4 26. Be1 bxc3 27. Rxc3 Rxc3 28. Rxc3 Rxc3 29. Bxc3 a4 30. Kf2 Nd5 31. Ke2 a3 32. Kd2 axb2 33. Bxb2 Kf8 34. g3 Ke7 35. Kd3 Kd7 36. f4 1/2-1/2

[Event "Cesky Krumlov op 3rd"]
[Site "Cesky Krumlov"]
[Date "2009.11.21"]
[Round "9"]
[White "Suzuki, Yosuke"]
[Black "Jukl, Karel"]
[Result "0-1"]
[WhiteElo "1867"]
[BlackElo "1767"]
[PlyCount "64"]
[EventDate "2009.11.14"]
[EventType "swiss"]
[EventRounds "9"]
[EventCountry "CZE"]
[SourceTitle "EXT 2010"]
[Source "ChessBase"]
[SourceDate "2010.11.25"]
[SourceVersion "1"]
[SourceVersionDate "2010.11.25"]
[SourceQuality "1"]

1. e4 d5 2. exd5 Nf6 3. c4 e6 4. dxe6 Bxe6 5. d4 Qe7 6. Be3 Nc6 7. Nf3 0-0-0 8. Nc3 Ng4 9. Qe2 Nb4 10. 0-0-0 Bf5 11. h3 Nxe3 12. Qxe3 Qf6 13. Nd5 Nxa2+ 14. Kd2 Bb4+ 15. Nxb4 Rhe8 16. Nd5 Qa6 17. Ne5 Qa5+ 18. Ke2 f6 19. Kf3 fxe5 20. dxe5 c6 21. Qg5 Rf8 22. Ne7+ Kb8 23. Rxd8+ Qxd8 24. Qxg7 Bg6+ 25. Kg3 Rf7 26. Nxc6+ bxc6 27. Qh6 Qd4 28. f4 Qe3+ 29. Kg4 Bf5+ 30. Kh4 Bg6 31. g3 Qf3 32. Bg2 Qxg2 0-1

[Event "Cesky Krumlov op 3rd"]
[Site "Cesky Krumlov"]
[Date "2009.11.20"]
[Round "8"]
[White "Jukl, Karel"]
[Black "Maryska, Vaclav"]
[Result "0-1"]
[WhiteElo "1767"]
[BlackElo "1928"]
[PlyCount "94"]
[EventDate "2009.11.14"]
[EventType "swiss"]
[EventRounds "9"]
[EventCountry "CZE"]
[SourceTitle "EXT 2010"]
[Source "ChessBase"]
[SourceDate "2010.11.25"]
[SourceVersion "1"]
[SourceVersionDate "2010.11.25"]
[SourceQuality "1"]

1. d4 Nf6 2. Bf4 d6 3. e3 g6 4. Nd2 Bg7 5. Be2 Nbd7 6. Ngf3 0-0 7. c3 b6 8. h4 h5 9. Bc4 c5 10. Qc2 d5 11. Be2 Ng4 12. Ng5 Ndf6 13. Ndf3 Bf5 14. Bd3 Bxd3 15. Qxd3 cxd4 16. exd4 Re8 17. Ne5 Nxe5 18. Bxe5 Ng4 19. Bxg7 Kxg7 20. Qf3 Rf8 21. Qf4 Qd7 22. f3 Nh6 23. Kf2 f6 24. Nh3 Rae8 25. Rae1 e5 26. dxe5 fxe5 27. Qd2 Nf5 28. Ng5 Qd6 29. Rh3 Qc5+ 30. Ke2 Qc4+ 31. Kd1 Qxa2 32. Kc1 Rf6 33. g4 Nd6 34. Qc2 Qa1+ 35. Kd2 Nc4+ 36. Ke2 Qxb2 37. Qxb2 Nxb2 38. gxh5 gxh5 39. Rg3 Rg6 40. Ra1 a5 41. Rb1 Nc4 42. Rd1 d4 43. cxd4 exd4+ 44. Kf2 Nd6 45. Rxd4 Nf5 46. Rd7+ Kg8 47. Rg1 Nxh4 0-1